Group of like minded megadiverse countries (Registro nro. 5078)

Detalles MARC
000 -CABECERA
Campo de control 00649nam a2200157 a 4500
005 - FECHA Y HORA DE LA ULTIMA TRANSACCION
Campo de control 20171205115951.0
008 - ELEMENTOS DE LONGITUD FIJA—INFORMACION GENERAL
Campo de control 140318b2005 ii o|||f |||| 00| 0 eng d
040 ## - FUENTE DE CATALOGACIÓN
Agencia catalogadora original CO-BoIAVH
Agencia transcriptora CO-BoIAVH
041 0# - IDIOMA
Código de idioma para texto/pista de sonido o título separado Inglés
082 04 - NUMERO DE CLASIFICACION DECIMAL DEWEY
Número de clasificación 658.3008
Número del ítem G72g
111 ## - ASIENTO PRINCIPAL--NOMBRE DE REUNION
Nombre de reunión o de jurisdicción como elemento de entrada Report of the Expert and Ministerial Level Meeting of Like Minded Megadiverse Countries
Lugar de la reunión New Delhi
Fecha de la reunión enero 17-21, 2005
9 (RLIN) 87636
245 14 - MENCION DE TITULO
Título Group of like minded megadiverse countries
Parte restante del título realising the potential
260 ## - PUBLICACION, DISTRIBUCION, ETC. (PIE DE IMPRENTA)
Lugar de publicación, distribución, etc. New Delhi (India) :
Nombre del editor, distribuidor, etc. Government of India Ministry of Environment AND Forests ;
Fecha de publicación, distribución, etc. 2005.
300 ## - DESCRIPCION FISICA
Extensión 41 páginas
Otros detalles físicos fotografías a todo color.
Dimensiones 24 x 17 cm.
942 ## - ELEMENTOS ADICIONALES (KOHA)
Tipo de ítem Libro
Sistema de clasificación Dewey Decimal Classification
Existencias
Withdrawn status Lost status Sistema de Clasificación Damaged status No para préstamo Colección Inventariado Ubicación Permanente Ubicación actual Fecha de adquisición Total Checkouts Número topográfico Inventario / Código de Barras Date last seen Ejemplar Price effective from Forma de adquisición Tipo de material
    Dewey Decimal Classification     General Inventariado 2017 Sala Fabio Quevedo Sala Fabio Quevedo 04/01/2005   LB-658.3008 G72g 022798 04/12/2012 Ej. 1 04/12/2012 Donación Libro